| 000 | 01593cam a2200277 4500500 | ||
|---|---|---|---|
| 005 | 20260208005100.0 | ||
| 041 | _afre | ||
| 042 | _adc | ||
| 100 | 1 | 0 |
_aMalachuk, Daniel S. _eauthor |
| 245 | 0 | 0 | _aTranscendentalist and Gothic Intentions |
| 260 | _c2015. | ||
| 500 | _a76 | ||
| 520 | _aBannie par la théorie littéraire, la notion d’intention de l’auteur a fait l’objet d’un regain d’intérêt auprès de nombreux chercheurs travaillant à la croisée des disciplines, et en particulier dans les études sur le transcendantalisme. Cet article entend rouvrir à nouveaux frais la question de l’intentionnalité afin de mieux mettre en lumière le « programme » transcendantaliste. Il s’agit d’une part de montrer comment les écrivains transcendantalistes ont recours à des techniques empruntées à la littérature gothique pour politiser la question de l’altérité, et d’autre part comment les auteurs d’œuvres relevant du gothique mettent en œuvre une « dramaturgie métaphysique » comparable à celle des Transcendantalistes. | ||
| 690 | _agothique | ||
| 690 | _aintention | ||
| 690 | _ainterdisciplinarité | ||
| 690 | _alittérarité | ||
| 690 | _atranscendantalisme | ||
| 690 | _agothic | ||
| 690 | _aintention | ||
| 690 | _ainterdisciplinary | ||
| 690 | _aliterary | ||
| 690 | _atranscendentalism | ||
| 786 | 0 | _nRevue française d’études américaines | 140 | 3 | 2015-06-10 | p. 52-64 | 0397-7870 | |
| 856 | 4 | 1 | _uhttps://shs.cairn.info/journal-revue-francaise-d-etudes-americaines-2014-3-page-52?lang=en&redirect-ssocas=7080 |
| 999 |
_c1650494 _d1650494 |
||